000 00798nam a2200241 i 4500
001 178138
003 ES-MaACL
005 20230906220502.0
007 t|
008 110519s1965 sp r ||||1| spa d
080 _a274(430)
100 1 _aNeunheuser, Burkhard.
_9146613
245 1 3 _aLa teología protestante en Alemania /
_cBurkart Neunheuser ; [versión castellana de Joaquín Blázquez Hernández].
260 _aBarcelona :
_bHerder,
_c1965.
300 _a142 p. ;
_c18 cm.
490 1 _aPequeña biblioteca Herder ;
_v68
504 _aBibliografía: p. 126-142.
650 0 4 _aProtestantismo-
_zAlemania.
_9146631
700 1 _aBlázquez, Joaquín.
_929440
830 0 _aPequeña biblioteca Herder ;
_v68
_9190720
852 _aES-MaACL
_jE-15162
_xOlim P-274
999 _c178138
_d178138